Pokémon Moves that Cause Poison - Statistics

General Stats
  • This quiz has been taken 53 times
  • The average score is 16 of 26
Answer Stats
Gen Introduced Type Chance to Poison Move % Correct
1 Poison 100% Toxic
97%
1 Poison 30%(40% Gen 1) Sludge
92%
2 Poison 30% Sludge Bomb
89%
1 Poison 100% Poison Powder
87%
1 Poison 30%(20% Gen 1) Poison Sting
87%
4 Poison 30% Gunk Shot
82%
4 Poison 30% Poison Jab
82%
5 Poison 10% Sludge Wave
79%
4 Poison 100% Toxic Spikes
79%
3 Poison 50%(30% Gen 3-5) Poison Fang
76%
1 Poison 100% Poison Gas
76%
1 Bug 20% Twineedle
71%
3 Poison 10% Poison Tail
68%
1 Poison 40% Smog
68%
3 Normal 30% Secret Power
58%
4 Poison 10% Cross Poison
53%
8 Poison 16.67% Dire Claw
53%
7 Poison 100% Baneful Bunker
50%
7 Poison 100% Toxic Thread
50%
8 Electric 50% G-Max Stun Shock
37%
9 Poison 100% Mortal Spin
37%
8 Poison 30% Barb Barrage
34%
8 Bug 33.3% G-Max Befuddle
34%
9 Poison 50% Malignant Chain
29%
8 Poison 100% G-Max Malodor
26%
8 Poison 20% Shell Side Arm
24%
No matching quizzes found
Score Distribution
Percent of People with Each Score
Percentile by Number Answered
Your Score History
You have not taken this quiz